LEADER 00800nam0-22002771i-450- 001 990001039880403321 035 $a000103988 035 $aFED01000103988 035 $a(Aleph)000103988FED01 035 $a000103988 100 $a20000920d1961----km-y0itay50------ba 101 0 $aeng 200 1 $aTables of Thomson Functions and their First Derivatives$fby L.N. Nosova 210 $aOxford [etc.]$cPergamon Press$d1961 225 1 $aMathematical tables$v13 610 0 $aFunzioni speciali 676 $a518 700 1$aNosova,$bL.N.$0346965 801 0$aIT$bUNINA$gRICA$2UNIMARC 901 $aBK 912 $a990001039880403321 952 $a17-036.007$b2303$fFI1 959 $aFI1 996 $aTables of Thomson Functions and their First Derivatives$9338673 997 $aUNINA DB $aING01 LEADER 01982nas 2200577-a 450 001 996336180503316 005 20220322213019.0 011 $a1943-5118 035 $a(OCoLC)42838182 035 $a(CKB)954927721482 035 $a(CONSER)--2008201938 035 $a(EXLCZ)99954927721482 100 $a19991116a19909999 s-- a 101 0 $aeng 135 $aurcnu|||||||| 181 $ctxt$2rdacontent 182 $cc$2rdamedia 183 $acr$2rdacarrier 200 14$aThe Harvard mental health letter /$ffrom Harvard Medical School 210 $aBoston $cDept. of Continuing Education of Harvard Medical School 300 $aRefereed/Peer-reviewed 300 $aPublisher varies: published: Dept. of Continuing Education of Harvard Medical School, July 1990-Dec. 1991; Harvard Medical School Health Publications Group, Jan. 1992- 311 $a1057-5022 517 1 $aMental health letter 531 $aHARVARD MENTAL HEALTH LETTER 531 $aHARV MENT HEALTH LETT 531 $aHARVARD MENTAL HEALTH LETTER / FROM HARVARD MEDICAL SCHOOL 531 0 $aHarv. ment. health lett. 606 $aMental health$vPeriodicals 606 $aMental illness$vPeriodicals 606 $aMental Health 606 $aMental Disorders 606 $aMental health$2fast$3(OCoLC)fst01016339 606 $aMental illness$2fast$3(OCoLC)fst01016547 608 $aPeriodical 608 $aPeriodicals.$2fast 608 $aPeriodicals.$2lcgft 615 0$aMental health 615 0$aMental illness 615 2$aMental Health 615 2$aMental Disorders 615 7$aMental health. 615 7$aMental illness. 676 $a614.58 712 02$aHarvard Medical School. 712 02$aHarvard Medical School.$bDepartment of Continuing Education. 712 02$aHarvard Medical School.$bHealth Publications Group. 906 $aJOURNAL 912 $a996336180503316 996 $aThe Harvard mental health letter$92151280 997 $aUNISA